000 00283nam a2200097Ia 4500
082 _a658.8|ESS
245 0 _aEssentials of marketing
100 _a Cant, M. C. , 1957- Claremont [South Africa], 2013 4th ed.
_966609
942 _cBK
008 210817s9999 xx 000 0 und d
999 _c213876
_d213875